[Event "DEM U14w 2005"]
[Site "Willingen GER"]
[Date "2005.05.20"]
[Round "8"]
[White "Penne, Bo"]
[Black "Frey, Alisa"]
[Result "1/2-1/2"]
[Termination "normal"]
[Board "8"]
[WhiteElo "1459"]
[BlackElo "1495"]
[PlyCount "88"]
[WhiteFideId "24642193"]
[BlackFideId "24634662"]
[EventCountry "GER"]
[EventRounds "9"]
[EventType "swiss"]
[EventDate "2005.05.15"]

1. e4 e5 2. Nf3 Nc6 3. d4 exd4 4. Nxd4 Nf6 5. Nc3 Bb4 6. Bg5 h6 7. Nxc6 bxc6 8.
Bxf6 Qxf6 9. Qd3 O-O 10. Be2 Ba6 11. Qf3 Qxf3 12. Bxf3 f5 13. O-O-O Bxc3 14.
bxc3 fxe4 15. Bxe4 d5 16. Bf3 Rfe8 17. h3 Be2 18. Bxe2 Rxe2 19. Rd2 Rae8 20.
Kd1 R2e4 21. Rd4 Kf7 22. Rf1 Kf6 23. Kd2 R8e6 24. a3 Ke7 25. Rxe4 Rxe4 26. Rb1
Kd7 27. Rb4 Rxb4 28. cxb4 c5 29. Kd3 cxb4 30. axb4 Kc6 31. c4 Kd6 32. Kd4 dxc4
33. Kxc4 a6 34. f4 c5 35. bxc5+ Kc6 36. g4 a5 37. h4 a4 38. f5 a3 39. Kb3 Kxc5
40. g5 hxg5 41. hxg5 Kd5 42. f6 gxf6 43. gxf6 Ke6 44. Kxa3 Kxf6 1/2-1/2

[Event "DEM U14w 2005"]
[Site "Willingen GER"]
[Date "2005.05.20"]
[Round "8"]
[White "Döring, Julia"]
[Black "Müller, Anna-Louise"]
[Result "1-0"]
[Termination "normal"]
[Board "9"]
[WhiteElo "1454"]
[BlackElo "1381"]
[PlyCount "63"]
[BlackFideId "4633512"]
[EventCountry "GER"]
[EventRounds "9"]
[EventType "swiss"]
[EventDate "2005.05.15"]

1. e4 c5 2. Nf3 d6 3. d4 cxd4 4. Nxd4 Nf6 5. Nc3 g6 6. Be3 Bg7 7. f3 O-O 8. Qd2
Nc6 9. Bc4 Bd7 10. g4 Rc8 11. Bb3 h5 12. gxh5 Nxh5 13. O-O-O Ne5 14. Kb1 Nc4
15. Bxc4 Rxc4 16. Nce2 b5 17. Ng3 Nf4 18. Nb3 Ne6 19. h4 a5 20. Nxa5 Ra4 21.
Nb3 Qa8 22. Nc1 Rc8 23. Qh2 Rb4 24. Nd3 Ra4 25. Nc1 Qc6 26. h5 Nd4 27. Bxd4
Bxd4 28. hxg6 fxg6 29. Rxd4 Rxd4 30. Qh7+ Kf8 31. c3 Ra4 32. Qxg6 1-0

[Event "DEM U14w 2005"]
[Site "Willingen GER"]
[Date "2005.05.20"]
[Round "8"]
[White "Kinzel, Tiffany"]
[Black "Becher, Anne"]
[Result "1-0"]
[Termination "normal"]
[Board "10"]
[WhiteElo "1265"]
[BlackElo "1454"]
[PlyCount "59"]
[WhiteFideId "4633741"]
[EventCountry "GER"]
[EventRounds "9"]
[EventType "swiss"]
[EventDate "2005.05.15"]

1. Nc3 Nf6 2. e4 e5 3. f4 Nc6 4. fxe5 Nxe5 5. d4 Ng6 6. Bc4 d6 7. Nf3 Be6 8.
Bb3 Be7 9. O-O Qd7 10. Qd3 O-O-O 11. Be3 Bxb3 12. axb3 a6 13. b4 Kb8 14. b5
axb5 15. Ra2 c6 16. d5 Ne8 17. Rfa1 Nc7 18. Bb6 Nf4 19. Qd2 Qg4 20. Ne1 Bg5 21.
Qd4 Bf6 22. Qd1 Nh3+ 23. Kf1 Qf4+ 24. Qf3 Qxf3+ 25. Nxf3 Ng5 26. Nxg5 Bxg5 27.
Ra7 b4 28. dxc6 bxc3 29. Rxb7+ Kc8 30. Rxc7+ 1-0

[Event "DEM U14w 2005"]
[Site "Willingen GER"]
[Date "2005.05.20"]
[Round "8"]
[White "Billing, Tanja"]
[Black "Knof, Henrike"]
[Result "1-0"]
[Termination "normal"]
[Board "11"]
[WhiteElo "1524"]
[BlackElo "1068"]
[PlyCount "61"]
[WhiteFideId "24647993"]
[EventCountry "GER"]
[EventRounds "9"]
[EventType "swiss"]
[EventDate "2005.05.15"]

1. c4 e5 2. Nc3 f5 3. e3 d6 4. Nge2 c6 5. g3 Nf6 6. Bg2 g6 7. O-O Bg7 8. b3 O-O
9. Bb2 Nh5 10. f4 g5 11. d4 h6 12. Rc1 exf4 13. exf4 gxf4 14. Nxf4 Nxf4 15.
Rxf4 Bd7 16. Rc2 Qb6 17. Kh1 Na6 18. Rcf2 Rae8 19. Bh3 c5 20. dxc5 Qxc5 21.
Qd5+ Qxd5+ 22. Nxd5 Bxb2 23. Rxb2 Nc5 24. Rd2 Re4 25. Rf3 Bc6 26. Rxf5 Rxf5 27.
Bxf5 Re5 28. Bg4 Ne4 29. Rc2 Bxd5 30. cxd5 Rxd5 31. Be6+ 1-0

[Event "DEM U14w 2005"]
[Site "Willingen GER"]
[Date "2005.05.20"]
[Round "8"]
[White "Schultheiß, Vera"]
[Black "Stein, Simone"]
[Result "0-1"]
[Termination "normal"]
[Board "12"]
[WhiteElo "1115"]
[BlackElo "1136"]
[PlyCount "94"]
[BlackFideId "24692875"]
[EventCountry "GER"]
[EventRounds "9"]
[EventType "swiss"]
[EventDate "2005.05.15"]

1. e4 c5 2. Nc3 d6 3. g3 g6 4. Bg2 Bg7 5. d3 Nc6 6. f4 e6 7. Nf3 Nge7 8. O-O
O-O 9. Be3 b6 10. d4 Bb7 11. dxc5 bxc5 12. Qd2 Qc7 13. Nd1 Rab8 14. c3 Na5 15.
Nf2 Nc4 16. Qc1 Ba6 17. Re1 Nxb2 18. Rb1 Nd3 19. Nxd3 Bxd3 20. Rxb8 Rxb8 21.
Bd2 Rb1 22. Qa3 Rxe1+ 23. Nxe1 Bb5 24. Bf1 Bxf1 25. Kxf1 d5 26. e5 c4 27. Be3
Nc6 28. Nf3 f6 29. Qd6 Qxd6 30. exd6 Kf8 31. Bc5 Ke8 32. Nd4 Nxd4 33. Bxd4 a6
34. Ke2 Kd7 35. Bc5 Bf8 36. Ke3 Bxd6 37. Bd4 e5 38. fxe5 Bxe5 39. a3 Ke6 40. a4
g5 41. Bxe5 Kxe5 42. g4 a5 43. h3 h6 44. Kf3 f5 45. Ke3 f4+ 46. Kf3 d4 47.
cxd4+ Kxd4 0-1

[Event "DEM U14w 2005"]
[Site "Willingen GER"]
[Date "2005.05.20"]
[Round "8"]
[White "Herbold, Nora Elise Marina"]
[Black "Häcker, Katrin"]
[Result "1/2-1/2"]
[Termination "normal"]
[Board "13"]
[WhiteElo "1484"]
[BlackElo "1388"]
[PlyCount "92"]
[WhiteFideId "4624548"]
[BlackFideId "24667986"]
[EventCountry "GER"]
[EventRounds "9"]
[EventType "swiss"]
[EventDate "2005.05.15"]

1. e4 d5 2. exd5 Qxd5 3. Nc3 Qa5 4. d4 c6 5. Nf3 Bg4 6. h3 Bh5 7. Bd3 e6 8. Bc4
Bb4 9. Bd2 Nf6 10. a3 Bxc3 11. Bxc3 Qc7 12. Qd3 O-O 13. O-O Nbd7 14. Rae1 Rfe8
15. Ne5 Nxe5 16. dxe5 Bg6 17. Qe2 Ne4 18. Qe3 Nxc3 19. Qxc3 Rad8 20. f4 Qb6+
21. Kh2 Qd4 22. Qb3 b5 23. Be2 Qd5 24. c4 bxc4 25. Bxc4 Qd4 26. Be2 Rb8 27. Rd1
Rxb3 28. Rxd4 Rxb2 29. Bf3 Rc8 30. Ra4 Rc7 31. Rd1 Kf8 32. Rd6 c5 33. Rda6 c4
34. Rb4 Rxb4 35. axb4 c3 36. Ra1 c2 37. Rc1 Rc4 38. g4 Rxb4 39. f5 exf5 40.
Rxc2 fxg4 41. Rc8+ Ke7 42. Bxg4 a5 43. Rc7+ Kd8 44. Rc8+ Ke7 45. Rc7+ Kd8 46.
Rc8+ Ke7 1/2-1/2

[Event "DEM U14w 2005"]
[Site "Willingen GER"]
[Date "2005.05.21"]
[Round "9"]
[White "Winkelmann, Elena"]
[Black "Kickert, Germaine-Helene"]
[Result "1-0"]
[Termination "normal"]
[Board "1"]
[WhiteElo "2031"]
[BlackElo "1920"]
[PlyCount "89"]
[WhiteFideId "24607630"]
[BlackFideId "24614890"]
[EventCountry "GER"]
[EventRounds "9"]
[EventType "swiss"]
[EventDate "2005.05.15"]

1. e4 e5 2. d4 exd4 3. Qxd4 Nc6 4. Qe3 Bb4+ 5. Nc3 Nge7 6. Bd2 d6 7. O-O-O Be6
8. a3 Bc5 9. Qg3 Rg8 10. f4 f5 11. Bb5 Qd7 12. Nf3 O-O-O 13. Ng5 h6 14. Nxe6
Qxe6 15. Rhe1 Bb6 16. exf5 Qxf5 17. Bd3 Qd7 18. Bh7 Nf5 19. Bxg8 Nxg3 20. Be6
Qxe6 21. Rxe6 Nf5 22. Nd5 Rd7 23. Nxb6+ axb6 24. Re8+ Rd8 25. Rxd8+ Kxd8 26. g4
Nfd4 27. Be3 Ne6 28. f5 Ng5 29. Bxg5+ hxg5 30. h4 gxh4 31. Rh1 Ke7 32. Rxh4 Kf6
33. Rh7 Ne5 34. g5+ Kxg5 35. Rxg7+ Kxf5 36. Rxc7 Ke6 37. Rxb7 Nd7 38. Kd2 d5
39. Rxd7 Kxd7 40. Kd3 Kd6 41. Kd4 Kc6 42. a4 Kd6 43. b4 Kc6 44. a5 Kb5 45. axb6
1-0

[Event "DEM U14w 2005"]
[Site "Willingen GER"]
[Date "2005.05.21"]
[Round "9"]
[White "Lorenz, Nicole"]
[Black "Remy, Janina"]
[Result "1/2-1/2"]
[Termination "normal"]
[Board "2"]
[WhiteElo "1761"]
[BlackElo "1720"]
[PlyCount "72"]
[WhiteFideId "24623709"]
[BlackFideId "24627348"]
[EventCountry "GER"]
[EventRounds "9"]
[EventType "swiss"]
[EventDate "2005.05.15"]

1. e4 c5 2. Nf3 a6 3. d4 cxd4 4. Nxd4 Nf6 5. Nc3 e5 6. Nf3 Bb4 7. Bd2 O-O 8.
Bd3 Nc6 9. a3 Bxc3 10. Bxc3 d5 11. Qe2 d4 12. Bd2 h6 13. O-O b5 14. Bb4 Nxb4
15. axb4 Bg4 16. c4 bxc4 17. Bxc4 Qb6 18. Ra5 Qxb4 19. Rxe5 Bxf3 20. gxf3 a5
21. Rb5 Qe7 22. Qd2 Rfb8 23. e5 Nd7 24. Re1 Rxb5 25. Bxb5 Rb8 26. Bxd7 Qxd7 27.
Qxa5 Rxb2 28. Qa8+ Kh7 29. Qe4+ g6 30. Rd1 Rb5 31. h4 h5 32. Kg2 Ra5 33. Kg3
Kh6 34. Qf4+ Kh7 35. Qe4 Kh6 36. Kg2 Kg7 1/2-1/2

[Event "DEM U14w 2005"]
[Site "Willingen GER"]
[Date "2005.05.21"]
[Round "9"]
[White "Hannes, Diana"]
[Black "Zier, Verena"]
[Result "0-1"]
[Termination "normal"]
[Board "3"]
[WhiteElo "1922"]
[BlackElo "1844"]
[PlyCount "46"]
[WhiteFideId "24611344"]
[BlackFideId "24620602"]
[EventCountry "GER"]
[EventRounds "9"]
[EventType "swiss"]
[EventDate "2005.05.15"]

1. e4 e6 2. d4 d5 3. Nc3 Nf6 4. Bg5 dxe4 5. Nxe4 Be7 6. Bxf6 Bxf6 7. Nf3 Nd7 8.
c3 O-O 9. Bd3 e5 10. dxe5 Nxe5 11. Nxe5 Bxe5 12. Qc2 Bf4 13. g3 Bh6 14. f4 f5
15. O-O-O Qe7 16. Nd2 Be6 17. Rhe1 Qf7 18. Qa4 Kh8 19. Nb3 a6 20. Nd4 b5 21.
Qa3 Bd7 22. Re7 Qd5 23. Re5 Qxe5 0-1

[Event "DEM U14w 2005"]
[Site "Willingen GER"]
[Date "2005.05.21"]
[Round "9"]
[White "Bakalarz, Janet"]
[Black "Karmann, Anna"]
[Result "0-1"]
[Termination "normal"]
[Board "4"]
[WhiteElo "1399"]
[BlackElo "1639"]
[PlyCount "76"]
[BlackFideId "24648000"]
[EventCountry "GER"]
[EventRounds "9"]
[EventType "swiss"]
[EventDate "2005.05.15"]

1. e4 Nf6 2. Nc3 d5 3. exd5 Nxd5 4. Bc4 e6 5. Qe2 Be7 6. Bxd5 exd5 7. Qe5 Be6
8. Qxg7 Bf6 9. Qg3 Qe7 10. Nge2 Nc6 11. O-O O-O-O 12. d3 Rhg8 13. Qf3 Ne5 14.
Qf4 Rg4 15. Qd2 Nf3+ 16. Kh1 Nxd2 17. Bxd2 Rdg8 18. g3 Qd7 19. b4 Bxc3 20. Bxc3
d4 21. Bd2 Qc6+ 22. f3 Bd5 23. Kg1 Bxf3 24. Nxd4 Rxd4 25. b5 Qxc2 26. Rxf3 Qxd2
27. Rxf7 Rxd3 28. Rxh7 Qe2 29. Rc1 Qe3+ 30. Kg2 Qxc1 31. a4 Qc2+ 32. Kh3 Rdxg3+
33. hxg3 Qxh7+ 34. Kg2 Qg6 35. Kf2 Qxg3+ 36. Ke2 Rh8 37. Kf1 Rh2 38. b6 Qf2#
0-1

[Event "DEM U14w 2005"]
[Site "Willingen GER"]
[Date "2005.05.21"]
[Round "9"]
[White "Gahn, Juliane"]
[Black "Smolkina, Milana"]
[Result "1/2-1/2"]
[Termination "normal"]
[Board "5"]
[WhiteElo "1606"]
[BlackElo "1709"]
[PlyCount "129"]
[BlackFideId "24618780"]
[EventCountry "GER"]
[EventRounds "9"]
[EventType "swiss"]
[EventDate "2005.05.15"]

1. e4 c5 2. Nf3 d6 3. d4 cxd4 4. Nxd4 Nf6 5. Nc3 g6 6. Be2 Bg7 7. Be3 O-O 8.
O-O Nc6 9. Kh1 Bd7 10. f4 Qc8 11. Qd2 Bg4 12. Rad1 Bxe2 13. Qxe2 Qg4 14. Rf3
Qc8 15. Qe1 Ng4 16. Bg1 a6 17. Nd5 Qd8 18. Qh4 Nf6 19. Rh3 h5 20. Nc3 Qc8 21.
Rf3 Qg4 22. Qe1 Qc8 23. Nxc6 bxc6 24. Be3 Rb8 25. Bc1 Bh6 26. h3 Qb7 27. Qe2
Rbd8 28. Rg3 Kh7 29. Rgd3 Qc7 30. Rf3 a5 31. Be3 d5 32. e5 Ne8 33. Na4 Ng7 34.
Bb6 Qc8 35. Bxd8 Rxd8 36. Qe1 Nf5 37. Nc5 Qc7 38. Qd2 h4 39. Kh2 Ng3 40. Nb3 a4
41. Nc5 Qa7 42. Qf2 Nh5 43. Nd3 Qxf2 44. Rxf2 e6 45. Kg1 Rc8 46. Rf3 c5 47.
Rdf1 Ng3 48. Re1 Nh5 49. Ref1 Ng3 50. R1f2 Ne4 51. Re2 Ng3 52. Re1 Nh5 53. Nc1
Rb8 54. b3 axb3 55. axb3 Nxf4 56. Ref1 g5 57. Kh2 Bg7 58. Re1 Kg6 59. g3 hxg3+
60. Kxg3 Rb4 61. Rfe3 Nh5+ 62. Kg2 Nf4+ 63. Kh2 Kf5 64. c3 Re4 65. b4 1/2-1/2

[Event "DEM U14w 2005"]
[Site "Willingen GER"]
[Date "2005.05.21"]
[Round "9"]
[White "Mijatovic, Andrea"]
[Black "Penne, Bo"]
[Result "1-0"]
[Termination "normal"]
[Board "6"]
[WhiteElo "1551"]
[BlackElo "1459"]
[PlyCount "75"]
[WhiteFideId "14514524"]
[BlackFideId "24642193"]
[EventCountry "GER"]
[EventRounds "9"]
[EventType "swiss"]
[EventDate "2005.05.15"]

1. e4 c6 2. Nc3 d5 3. Nf3 Bg4 4. h3 Bh5 5. exd5 cxd5 6. g4 Bg6 7. Bb5+ Nc6 8.
Ne5 Qd6 9. d4 a6 10. Bxc6+ bxc6 11. Bf4 Qe6 12. Na4 Nf6 13. Nc5 Qc8 14. h4 h6
15. Nxg6 fxg6 16. f3 Nd7 17. Ne6 Ra7 18. Bh2 Nb6 19. Nf4 g5 20. hxg5 hxg5 21.
Ng6 Qe6+ 22. Ne5 Nc4 23. Qe2 Nxe5 24. Qxe5 Qxe5+ 25. dxe5 Rh3 26. Kf2 g6 27.
Kg2 Rh4 28. Bg3 Rxh1 29. Rxh1 Bg7 30. Kf2 Rb7 31. b3 Rb5 32. Ke3 Rc5 33. Kd3
Ra5 34. a4 Rc5 35. Rh2 Kf7 36. Kd4 Bxe5+ 37. Bxe5 Ra5 38. Bc7 1-0

[Event "DEM U14w 2005"]
[Site "Willingen GER"]
[Date "2005.05.21"]
[Round "9"]
[White "Döring, Julia"]
[Black "Mertens, Pauline"]
[Result "1/2-1/2"]
[Termination "normal"]
[Board "7"]
[WhiteElo "1454"]
[BlackElo "1505"]
[PlyCount "86"]
[BlackFideId "24671959"]
[EventCountry "GER"]
[EventRounds "9"]
[EventType "swiss"]
[EventDate "2005.05.15"]

1. e4 c5 2. Nf3 d6 3. d4 cxd4 4. Nxd4 Nf6 5. Nc3 a6 6. Be3 e5 7. Nf3 Be6 8. Bd3
Be7 9. O-O Nbd7 10. h3 Qc7 11. Qd2 O-O 12. Rfe1 Rac8 13. Rad1 Kh8 14. Bg5 b5
15. a3 Rfd8 16. Bxf6 Nxf6 17. Ng5 h6 18. Nxe6 fxe6 19. Qe3 Nd7 20. Qg3 Bf6 21.
Be2 Nb6 22. Bg4 Re8 23. h4 Rcd8 24. Qh3 d5 25. Re2 Rd6 26. exd5 exd5 27. Red2
Red8 28. Be6 Qc6 29. Bf7 d4 30. Na2 Nc4 31. Nb4 Qc7 32. Bxc4 bxc4 33. h5 a5 34.
Na2 Qb6 35. b3 cxb3 36. cxb3 Qc5 37. b4 axb4 38. axb4 Qb5 39. Qf5 Rd5 40. Qe4
R5d6 41. Qf5 Rd5 42. Qe4 R5d6 43. Qf5 Rd5 1/2-1/2

[Event "DEM U14w 2005"]
[Site "Willingen GER"]
[Date "2005.05.21"]
[Round "9"]
[White "Frey, Alisa"]
[Black "Kinzel, Tiffany"]
[Result "1-0"]
[Termination "normal"]
[Board "8"]
[WhiteElo "1495"]
[BlackElo "1265"]
[PlyCount "59"]
[WhiteFideId "24634662"]
[BlackFideId "4633741"]
[EventCountry "GER"]
[EventRounds "9"]
[EventType "swiss"]
[EventDate "2005.05.15"]

1. e4 c5 2. Nf3 d6 3. d4 cxd4 4. Nxd4 Nf6 5. Nc3 a6 6. f3 e5 7. Nb3 Be6 8. Be3
Be7 9. Qd2 b5 10. O-O-O Nbd7 11. g4 Nb6 12. Na5 Qc7 13. Qf2 Rb8 14. Kb1 Nc4 15.
Nxc4 Bxc4 16. g5 Nd7 17. Nd5 Bxd5 18. Rxd5 Nb6 19. Rd1 O-O 20. h4 Nc4 21. Bc1
Rb6 22. h5 Rc6 23. Bh3 Nb6 24. g6 Nd7 25. Qg2 Nf6 26. Rdg1 fxg6 27. Be6+ Kh8
28. hxg6 Bd8 29. Rxh7+ Nxh7 30. Qh2 1-0

[Event "DEM U14w 2005"]
[Site "Willingen GER"]
[Date "2005.05.21"]
[Round "9"]
[White "Backer, Julia"]
[Black "van Orsouw, Svenja"]
[Result "0-1"]
[Termination "normal"]
[Board "9"]
[WhiteElo "1533"]
[BlackElo "1421"]
[PlyCount "118"]
[BlackFideId "24677124"]
[EventCountry "GER"]
[EventRounds "9"]
[EventType "swiss"]
[EventDate "2005.05.15"]

1. e4 c5 2. Nf3 Nc6 3. Bb5 e6 4. Bxc6 bxc6 5. O-O d5 6. Qe2 Ne7 7. exd5 cxd5 8.
Qb5+ Bd7 9. Qxc5 Nf5 10. Qc3 Rc8 11. Qd3 Qa5 12. Re1 Be7 13. Nc3 O-O 14. b3 Bf6
15. Ne5 Be8 16. a4 d4 17. Nc4 Rxc4 18. Qxc4 dxc3 19. d3 Bd7 20. Qg4 Nd4 21. Qd1
Bc6 22. Be3 Qf5 23. Bxd4 Bxd4 24. Qe2 Qg5 25. g3 Qf5 26. b4 Qh3 27. Qf1 Qf5 28.
Qe2 Bf3 29. Qf1 h5 30. h4 f6 31. Kh2 Kh8 32. Qh3 Bg4 33. Qg2 Qxf2 34. Qxf2 Bxf2
35. Re4 e5 36. Rf1 Bd4 37. b5 Rb8 38. Ree1 Kg8 39. Rb1 Kf7 40. Rb4 Ke7 41. Rfb1
Be6 42. a5 Kd6 43. Kg2 Bd5+ 44. Kh2 Bc5 45. Ra4 Bc6 46. Raa1 Rxb5 47. Rxb5 Bxb5
48. Kg2 a6 49. Kf3 Bc6+ 50. Ke2 g5 51. Rf1 Ke6 52. Kd1 g4 53. Ke2 f5 54. Kd1
Bf3+ 55. Ke1 f4 56. gxf4 exf4 57. d4 Bxd4 58. Rf2 Bxf2+ 59. Kxf2 Be4 0-1

[Event "DEM U14w 2005"]
[Site "Willingen GER"]
[Date "2005.05.21"]
[Round "9"]
[White "Stein, Simone"]
[Black "Billing, Tanja"]
[Result "0-1"]
[Termination "normal"]
[Board "10"]
[WhiteElo "1136"]
[BlackElo "1524"]
[PlyCount "96"]
[WhiteFideId "24692875"]
[BlackFideId "24647993"]
[EventCountry "GER"]
[EventRounds "9"]
[EventType "swiss"]
[EventDate "2005.05.15"]

1. e4 c5 2. Nf3 d6 3. d4 cxd4 4. Nxd4 Nf6 5. Nc3 g6 6. Be3 Bg7 7. Qd2 Nc6 8.
Bb5 Bd7 9. Bxc6 bxc6 10. f3 O-O 11. g4 Rb8 12. Nb3 a5 13. h4 h5 14. gxh5 Nxh5
15. Bh6 c5 16. Bxg7 Kxg7 17. Nd1 a4 18. Qa5 axb3 19. Qxd8 Rfxd8 20. cxb3 Nf4
21. Ne3 Nd3+ 22. Kd2 Ne5 23. Raf1 Ra8 24. a3 Rdb8 25. Kc3 Nc6 26. Nc4 Nd4 27.
Nd2 Be6 28. b4 Nb5+ 29. Kc2 cxb4 30. axb4 Rc8+ 31. Kd3 Ra2 32. Rb1 Ra4 33. Rhg1
f5 34. Rg3 fxe4+ 35. fxe4 Kh6 36. Rbg1 Bf7 37. Rf3 Be8 38. Rf8 Rxb4 39. Rg8 Nd4
40. R1xg6+ Bxg6 41. Rxc8 Ne6 42. Kc3 Ra4 43. Rc4 Ra1 44. b4 Be8 45. Rc8 Bd7 46.
Rb8 Nc7 47. Rb7 Kh5 48. Rxc7 Rc1+ 0-1

[Event "DEM U14w 2005"]
[Site "Willingen GER"]
[Date "2005.05.21"]
[Round "9"]
[White "Müller, Anna-Louise"]
[Black "Knof, Henrike"]
[Result "1-0"]
[Termination "normal"]
[Board "11"]
[WhiteElo "1381"]
[BlackElo "1068"]
[PlyCount "51"]
[WhiteFideId "4633512"]
[EventCountry "GER"]
[EventRounds "9"]
[EventType "swiss"]
[EventDate "2005.05.15"]

1. Nf3 Nc6 2. g3 e5 3. d3 h6 4. Bg2 d5 5. O-O Be6 6. Nbd2 Qd7 7. e4 d4 8. Nb3
Bh3 9. Qe2 Bxg2 10. Kxg2 O-O-O 11. Rd1 g5 12. c3 dxc3 13. bxc3 Be7 14. d4 g4
15. Ng1 h5 16. Bb2 exd4 17. cxd4 h4 18. d5 Rh7 19. dxc6 Qxc6 20. Qxg4+ Kb8 21.
Rxd8+ Bxd8 22. Rd1 Qe8 23. Nc5 Nf6 24. Bxf6 Bxf6 25. Nd7+ Ka8 26. Nxf6 1-0

[Event "DEM U14w 2005"]
[Site "Willingen GER"]
[Date "2005.05.21"]
[Round "9"]
[White "Becher, Anne"]
[Black "Häcker, Katrin"]
[Result "1-0"]
[Termination "normal"]
[Board "12"]
[WhiteElo "1454"]
[BlackElo "1388"]
[PlyCount "57"]
[BlackFideId "24667986"]
[EventCountry "GER"]
[EventRounds "9"]
[EventType "swiss"]
[EventDate "2005.05.15"]

1. d4 d5 2. e3 Nf6 3. Bd3 Nbd7 4. f4 c5 5. c3 e6 6. Nf3 g6 7. Nbd2 Bg7 8. O-O
O-O 9. Ne5 Nxe5 10. fxe5 Nd7 11. Nf3 f6 12. exf6 Bxf6 13. Qe2 b6 14. e4 cxd4
15. cxd4 e5 16. dxe5 Nxe5 17. Nxe5 Bxe5 18. exd5 Re8 19. Qf3 Qe7 20. d6 Bb7 21.
dxe7 Bxf3 22. Rxf3 Rxe7 23. Bc4+ Kg7 24. Rb1 h6 25. Bf4 Rf8 26. Bxe5+ Rxe5 27.
Rxf8 Kxf8 28. Rf1+ Ke8 29. Rf6 1-0

[Event "DEM U14w 2005"]
[Site "Willingen GER"]
[Date "2005.05.21"]
[Round "9"]
[White "Schultheiß, Vera"]
[Black "Herbold, Nora Elise Marina"]
[Result "0-1"]
[Termination "normal"]
[Board "13"]
[WhiteElo "1115"]
[BlackElo "1484"]
[PlyCount "74"]
[BlackFideId "4624548"]
[EventCountry "GER"]
[EventRounds "9"]
[EventType "swiss"]
[EventDate "2005.05.15"]

1. e4 c5 2. Nc3 Nc6 3. g3 g6 4. Bg2 Bg7 5. f4 e6 6. d3 Nge7 7. Nf3 d6 8. O-O
O-O 9. Re1 Rb8 10. Rb1 b5 11. a3 a5 12. Bd2 Nd4 13. Nxd4 cxd4 14. Ne2 Ba6 15.
b3 Qc7 16. Rc1 Rfc8 17. Rf1 Qb6 18. Qe1 b4 19. axb4 axb4 20. Qd1 Ra8 21. e5 d5
22. Qe1 Rcb8 23. Ra1 Nf5 24. g4 Ne3 25. Bxe3 dxe3 26. Rf3 Rc8 27. Rc1 Rc7 28.
Qd1 f6 29. exf6 Bxf6 30. g5 Bg7 31. Bf1 d4 32. Rg3 e5 33. fxe5 Bxe5 34. Rh3 Bb7
35. Bg2 Qe6 36. Ng3 Rf8 37. Qe2 Rf2 0-1